| 000 | 00471nam a2200169Ia 4500 | ||
|---|---|---|---|
| 999 |
_c12373 _d12373 |
||
| 003 | OSt | ||
| 005 | 20201014143902.0 | ||
| 008 | 190216s9999||||xx |||||||||||||| ||und|| | ||
| 040 | _coclc | ||
| 082 |
_a833.912 _bKAF/C |
||
| 100 |
_aKafka, Franz _95083 |
||
| 245 | 4 |
_aThe Castle / _cFranz Kafka |
|
| 260 |
_bThe Modern Library, _c1969. _aNew york: |
||
| 300 | _a 481p | ||
| 650 | _aEnglish Novel | ||
| 942 |
_cBK _2ddc _h833.912 _iKAF/C _k833.912 _mKAF/C |
||